000 00676nam a2200169Ia 4500
008 090711s9999 xx 000 0 und d
082 _b52901
100 _aदेशपांडे वि. भा.
245 _aप्रयोगक्षम निवडक एकांकिका
260 _bमेहता पब्लि. हाऊस
_c1985
300 _a112
600 _aदेशपांडे वि. भा.
630 _aप्रयोगक्षम निवडक एकांकिका
700 _aदेशपांडे वि. भा.
730 _aप्रयोगक्षम निवडक एकांकिका
942 _cBOOK
999 _c329779
_d329779